000 00888nam a2200277 a 4500
001 000001953
005 20200929145754.0
008 090630s2003 sp 001 0 spa d
020 _a9788479623838
040 _aDO-SdBNP
_bspa
_cBNPHU
082 _a895.734
_bC545m
100 1 _aCh'oe Yun,
_d1953-
_96344
240 0 0 _aMannequin.
_lEspañol
245 1 0 _aManiquí /
_cCh'oe Yun ; traducida por Park Chong-Wook ; cotraductor José María Areta Ayuso.
260 _aMadrid :
_bVerbum,
_c2003.
300 _a169 p. ;
_c20 cm.
490 1 _aVerbum narrativa.
_pLiteratura Coreana
500 _aIncluye índice
534 _pTítulo original:
_tMannequin
650 4 _aLiteratura coreana
_96345
650 4 _aNovela corena
_96346
700 1 _aChong-Wook, Park,
_etr.
_96347
700 1 _aAreta Ayuso, José María
_96348
910 _aValidado. Control de calidad. MFF
049 _aBNPD
999 _c1819
_d1819